La enseñanza de la ingeniería / (Record no. 180829)
[ view plain ]
| 000 -LEADER | |
|---|---|
| campo de control de longitud fija | 00902nab a2200241 i 4500 |
| 001 - NÚMERO DE CONTROL | |
| campo de control | 180829 |
| 003 - IDENTIFICADOR DE NÚMERO DE CONTROL | |
| campo de control | ES-MaACL |
| 005 - FECHA Y HORA DE LA ÚLTIMA TRANSACCIÓN | |
| campo de control | 20250904063110.0 |
| 008 - DATOS DE LONGITUD FIJA--INFORMACIÓN GENERAL | |
| campo de control de longitud fija | 120718s1913 sp 000 s spa d |
| 040 ## - FUENTE DE CATALOGACIÓN | |
| Centro catalogador/agencia de origen | ES-MaACL |
| 100 1# - ENTRADA PRINCIPAL--NOMBRE DE PERSONA | |
| Nombre de persona | Prieto y Vives, Antonio, |
| Fechas asociadas al nombre | 1870-1939 |
| Término indicativo de función/relación | Autor |
| 9 (RLIN) | 151036 |
| 245 13 - MENCIÓN DEL TÍTULO | |
| Título | La enseñanza de la ingeniería / |
| Mención de responsabilidad, etc. | por Antonio Prieto |
| 300 ## - DESCRIPCIÓN FÍSICA | |
| Extensión | Páginas 17-28 |
| 500 ## - NOTA GENERAL | |
| Nota general | Ejemplar fotocopiado |
| 594 ## - Nota al título y mención de responsabilidad | |
| Nota al título y mención de responsabilidad | Precede al título: Conferencias en el Instituto de Ingenieros Civiles de Madrid |
| 650 #0 - PUNTO DE ACCESO ADICIONAL DE MATERIA--TÉRMINO DE MATERIA | |
| Término de materia o nombre geográfico como elemento de entrada | Ingeniería- |
| Subdivisión general | Estudio y enseñanza |
| 9 (RLIN) | 226968 |
| 655 #4 - TERMINO DE INDIZACIÓN--GENERO/FORMA | |
| Datos o término principal de género/forma | Conferencias |
| 9 (RLIN) | 234444 |
| 710 2# - ENTRADA AGREGADA--NOMBRE DE ENTIDAD CORPORATIVA | |
| Nombre de entidad corporativa o nombre de jurisdicción como elemento de entrada | Instituto de Ingenieros Civiles de España |
| Término indicativo de función/relación | entidad responsable |
| 9 (RLIN) | 226969 |
| 773 0# - ASIENTO DE ITEM FUENTE | |
| Título | La Palabra : revista taquigráfica, |
| Número Internacional Normalizado para Publicaciones Seriadas | ISSN 2479-7723, |
| Parte(s) relacionada(s) | N. 21-22 (nov. 1913), p. 17-28 |
| Número bibliográfico anfitrión | 2879 |
| Número de control del registro | 2879 |
| Número de ítem anfitrión | 2987 |
| 942 ## - ELEMENTOS DE ENTRADA SECUNDARIOS (KOHA) | |
| Tipo de ítem Koha | Artículo de revista |
| Fuente del sistema de clasificación o colocación | Clasificación decimal universal |
| Suprimir en OPAC | No |
| 955 ## - CATALOGADOR - EDICIÓN | |
| Nombre de catalogador | Pilar Fernández Vera |
No items available.
